Movies By 1 Actor and 1 Actress - Johnny Depp Edition - Statistics

General Stats
  • This quiz has been taken 45 times
  • The average score is 13 of 26
Answer Stats
Cast Movie % Correct
Winona Ryder, Vincent Price Edward Scissorhands
81%
Freddy Highmore, Helena Bonham Carter Charlie and the Chocolate Factory
69%
Christina Ricci, Ian McDiarmid Sleepy Hollow
69%
Angelina Jolie, Paul Bettany The Tourist
69%
Leonardo DiCaprio, Juliette Lewis What's Eating Gilbert Grape
69%
Helena Bonham Carter, Alan Rickman Sweeney Todd
66%
Anne Hathaway, Crispin Glover Alice in Wonderland
63%
Robert Englund, Heather Langenkamp A Nightmare on Elm Street
63%
Penelope Cruz, Ray Liotta Blow
59%
Michelle Pfeiffer, Jackie Earle Haley Dark Shadows
53%
Isla Fisher, Bill Nighy Rango
50%
Al Pacino, Anne Heche Donnie Brasco
47%
Kate Winslet, Dustin Hoffman Finding Neverland
47%
Armie Hammer, Helena Bonham Carter The Lone Ranger
47%
Helena Bonham Carter, Christopher Lee Corpse Bride
44%
Sarah Jessica Parker, Bill Murray Ed Wood
44%
Christian Bale, Marion Cotillard Public Enemies
44%
Maria Bello, John Turturro Secret Window
44%
Keira Knightley, Orlando Bloom Curse of the Black Pearl
41%
Eddie Redmayne, Katherine Waterston Fantastic Beasts and Where To Find Them
41%
Kenneth Branagh, Michelle Pfeiffer Murder on the Orient Express
38%
Dakota Johnson, Benedict Cumberbatch Black Mass
34%
Gwyneth Paltrow, Jeff Goldblum Mortdecai
34%
Antonio Banderas, Salma Hayek Once Upon a Time in Mexico
34%
Rebecca Hall, Morgan Freeman Transcendence
28%
James McAvoy, Emily Blunt Sherlock Gnomes
22%
No matching quizzes found
Score Distribution
Percent of People with Each Score
Percentile by Number Answered
Your Score History
You have not taken this quiz